Český turista

Agentúra Ipsos Tambor realizovala pre agentúru CzechTourism výskum mapujúci český domáci cestovný ruch. Opýtaných bolo viac ako 25000 respondentov. Z výsledkov výskumu - najviac používaný dopravný prostriedok je auto, väčšina pobytov je kratších ako tri dni, hlavnými dôvodmi je turistika a šport. Re...

Description complète

Enregistré dans:
Détails bibliographiques
Format: Chapitre de livre
Langue:tchèque
Sujets:
Tags: Ajouter un tag
Pas de tags, Soyez le premier à ajouter un tag!

MARC

LEADER 00000naa a2200000 4500
001 0130279
005 20231019095425.3
041 0 |a cze 
044 |a CZ 
245 1 0 |a Český turista 
520 |a Agentúra Ipsos Tambor realizovala pre agentúru CzechTourism výskum mapujúci český domáci cestovný ruch. Opýtaných bolo viac ako 25000 respondentov. Z výsledkov výskumu - najviac používaný dopravný prostriedok je auto, väčšina pobytov je kratších ako tri dni, hlavnými dôvodmi je turistika a šport. Regionálne lákadlá. Lojálnosť turistov. Miera spokojnosti. Chýbajúca reklama na domáci cestovný ruch. 
610 2 0 |a ruch cestovný domáci 
610 2 0 |a turistika 
610 2 0 |a služby 
610 2 0 |a lojálnosť zákazníkov 
610 2 0 |a reklama 
610 2 0 |a výskum 
610 2 0 |a Česko